Na prahu novej doby

Bibliographic Details
Format: Article
Language:Slovak

MARC

LEADER 00000nab a2200000uu 4500
001 vtls011531721
003 SK-MaSNL
005 20260225180013.0
008 221107|1918 xo |||||||||||||||||slo|
015 |a SNBRB 
035 |a (urnnbn)urn:nbn:sk:snk:ar-a091hf 
035 |a (uuid)e31b555c-8e49-421e-a42e-c7aee6aa658a 
035 |a urn:nbn:sk:snk-abehkv 
040 |a SNKBUCL  |b slo  |c SNKBUCL  |e AACR2 
041 0 |a slo 
044 |a xo  |c SK 
245 0 0 |a Na prahu novej doby 
773 0 |t Cirkevné listy : časopis venovaný záujmom cirkve evanjelickej a. v.  |g Roč. 32, č. 11-12 (1918), s. [265]-267 
958 |a ONDV 
958 |a article21 
999 |c 1836413  |d 1838343